Re-engineering for sustainable industrial production proceedings of international conference on integrated ans sustainable industrial production (Record no. 580182)

000 -LEADER
fixed length control field 00581nam a22001817a 4500
003 - CONTROL NUMBER IDENTIFIER
control field CEME
005 - DATE AND TIME OF LATEST TRANSACTION
control field 20210628205251.0
008 - FIXED-LENGTH DATA ELEMENTS--GENERAL INFORMATION
fixed length control field 210224b xxu||||| |||| 00| 0 eng d
020 ## - INTERNATIONAL STANDARD BOOK NUMBER
International Standard Book Number 0-412-79950-2
040 ## - CATALOGING SOURCE
Transcribing agency .
082 ## - DEWEY DECIMAL CLASSIFICATION NUMBER
Classification number 658.576 REE'C
100 ## - MAIN ENTRY--PERSONAL NAME
Personal name Camarinha, Matos L. M
9 (RLIN) 74675
245 ## - TITLE STATEMENT
Title Re-engineering for sustainable industrial production proceedings of international conference on integrated ans sustainable industrial production
260 ## - PUBLICATION, DISTRIBUTION, ETC.
Place of publication, distribution, etc. LONDON
Name of publisher, distributor, etc. CHAPMAN & HALL
Date of publication, distribution, etc. 1997
300 ## - PHYSICAL DESCRIPTION
Extent VIII, 535P
650 ## - SUBJECT ADDED ENTRY--TOPICAL TERM
Topical term or geographic name entry element INDUSTRIAL PRODUCTION
9 (RLIN) 74676
942 ## - ADDED ENTRY ELEMENTS (KOHA)
Koha item type Book
Source of classification or shelving scheme
Holdings
Withdrawn status Lost status Source of classification or shelving scheme Damaged status Not for loan Permanent Location Current Location Shelving location Date acquired Full call number Barcode Date last seen Price effective from Koha item type Public note Total Checkouts
          College of Electrical & Mechanical Engineering (CEME) College of Electrical & Mechanical Engineering (CEME) General Stacks 05/09/2017 658.576 REE'C CEME-31334 06/28/2021 06/28/2021 Book 1.6  
          College of Electrical & Mechanical Engineering (CEME) College of Electrical & Mechanical Engineering (CEME) General Stacks 05/17/2017 658.576 REE'C CEME-31824 06/28/2021 06/28/2021 Book    
© 2023 Central Library, National University of Sciences and Technology. All Rights Reserved.